Regions of Narva With a Map - Statistics

General Stats
  • This quiz has been taken 17 times
  • The average score is 9 of 15
Answers on the Map
Answers color-coded by a green-red scale on the quiz's map according to % correct below.
 
Answer Stats
Answer % Correct
Vanalinn
90%
Kreenholmi
80%
Olgina
80%
Kerese
70%
Kulgu
70%
Joaoru
60%
Kudruküla
60%
Pähklimäe
60%
Soldina
60%
Veekulgu
60%
Elektrijaama
50%
Kalevi
50%
Paemurru
50%
Sutthoffi
50%
Siivertsi
40%
No matching quizzes found
Score Distribution
Percent of People with Each Score
Percentile by Number Answered
Your Score History
You have not taken this quiz